000 00380nam a2200145Ia 4500
005 20250528022814.0
008 240331s9999 xx 000 0 und d
082 _a302.234
_bADO
245 0 _aAdoor Gopalakrishnan
260 _aSri Lanka
_bAsian Film centre
_c1993
300 _a69 p .,
500 _aA book of Adoor Gopalakrishnan
700 _aRatnavibusha, R.
_eedt
942 _cL
999 _c1156
_d1156